Online Catalogue and eLibrary

Migrant labour for sale ? (Record no. 4397)

MARC details
000 -LEADER
fixed length control field 00660nam a2200145Ia 4500
005 - DATE AND TIME OF LATEST TRANSACTION
control field 20240422015654.0
008 - FIXED-LENGTH DATA ELEMENTS--GENERAL INFORMATION
fixed length control field 240331s9999 xx 000 0 und d
082 ## - DDC Classification
Item Number - Author Mark MIG
Class No. 331.127
245 #0 - TITLE STATEMENT
Title Migrant labour for sale ?
260 ## - PUBLICATION, DISTRIBUTION, ETC.
Place of publication, distribution, etc. Hong Kong :
Name of publisher, distributor, etc. Christian Conference of Asia - Urban Rural Mission /
Date of publication, distribution, etc. 1986
300 ## - PHYSICAL DESCRIPTION
Extent (e.g. Volumes, Pages etc.) ii, 90 p .,
500 ## - GENERAL NOTE
General note Labour migrants keep on moving under tragic conditions, on the one hand, they succumb to the ' pull' of the host countries which promise immediate material well - being, on the other hand, the poverty and underdevelopment of their own countries push them out.
700 ## - ADDED ENTRY--PERSONAL NAME
Personal name Christian conference.
Relator term (Role) Editor
942 ## - Koha item type (Biblio)
Koha item type Books in Stacks (Lending)
Holdings
Lost status Damaged status Collection code Home library Current library Shelving location Date acquired Full call number Accession Number Item type
    Lending WERC Library WERC Library Social Science Cupboard 03/31/2024 331.127 MIG 412 Books in Stacks (Lending)

© WERC Library